000 00841nam a2200253Ia 4500
003 OSt
005 20220918171450.0
006 a|||||r|||| 00| 0
007 ta
008 220917b |||||||| |||| 00| 0 eng d
020 _a9781839762413 (hbk)
_cUKP 16.99
024 _a354,601
037 _b62528, 14/12/2021, Segment Book Distributors
_cTextual
040 _aARTS
_cARTS
_beng
041 _2eng
_aeng
082 _aW:511, R1
100 _aSchneider Suzanne Au.
_936779
245 0 _aApocalypse and the end of history
_b modern jihad and the crisis of liberlalism
260 _aLondon
_bVerso UK
_c2021
300 _axi,276p.
_ccm.
650 _aLIBERALISM; POLITICAL SCIENCE
_920302
942 _hW:511, R1
_cTEXL
_2CC
999 _c139690
_d139690